| 000 | 05020nam a22004697a 4500 | ||
|---|---|---|---|
| 005 | 2010100505515.0 | ||
| 010 | _aHIN-84455 | ||
| 020 | _c450.00 | ||
| 035 | _aHN-56801 | ||
| 035 | _aB-401267-278 | ||
| 037 | _bDBAD / PUB | ||
| 037 | _bवाणी प्रकाशन /PUB | ||
| 082 | _a891.4 | ||
| 100 |
_aत्रिपाठी , रामछबीला _922857 |
||
| 245 |
_aभारतीय साहित्यः _cरामछबीला त्रिपाठी |
||
| 246 |
_aBhaartiya Saahitya _bby RamchabilaTripathi |
||
| 260 |
_aनई दिल्ली _bवाणी प्रकाशन _c2008 |
||
| 270 |
_a21-ए, दरियागंज _bनई दिल्ली _e110002 _k011 23273167, 23275710 _l011 23275710 _mvaniprakashan@gmail.com |
||
| 300 |
_a399पृ _c22सेमी (सजिल्द) |
||
| 500 | _aयू.जी.सी.के नवीनतम पाठयक्रमानुसार | ||
| 500 | _aदेश के समस्त विश्वविद्यालयों के सानातक स्तर के पाठकों के लिए सम्पूर्ण पाठयक्रम के अनुसार | ||
| 500 | _aसमान ISBN 9788181436054 शीर्षक 'अमीना ' | ||
| 650 |
_aभारतीय साहित्य _xइतिहास एवं समालोचना _922858 |
||
| 650 |
_aIndic literature _xHistory and criticism _922859 |
||
| 650 |
_aसाहित्य, तुलनात्मक _922860 |
||
| 650 |
_aLiterature, comparative _922861 |
||
| 942 |
_2ddc _cHN _mत्रिपाठी _h891.4 |
||
| 999 |
_c16831 _d16831 |
||